[Event "GEO World Cup-B U08 Girls"]
[Site "Batumi"]
[Date "2024.06.28"]
[Round "6"]
[White "Bissaliyeva, Alisha"]
[Black "Kinzyabulatova, Reana"]
[Result "0-1"]
[WhiteElo "1437"]
[BlackElo "1504"]
[PlyCount "120"]
[EventDate "2024.06.23"]
[EventType "swiss"]
[EventRounds "7"]
[EventCountry "GEO"]
[SourceTitle "EXT 2025"]
[Source "ChessBase"]
[SourceDate "2024.10.14"]
[SourceVersion "1"]
[SourceVersionDate "2024.10.14"]
[SourceQuality "1"]

1. e4 e5 2. Nf3 Nc6 3. d4 exd4 4. Nxd4 Nf6 5. Nxc6 bxc6 6. Bd3 Bc5 7. Bg5 h6 8. Bh4 d6 9. Nc3 a5 10. 0-0 g5 11. Bg3 h5 12. e5 h4 13. Qe2 hxg3 14. exf6+ Be6 15. Ne4 gxf2+ 16. Nxf2 Qxf6 17. Kh1 Bxf2 18. Qxf2 Qxf2 19. Rxf2 Rb8 20. b3 Ke7 21. Bf5 Bxf5 22. Rxf5 Rb5 23. Re1+ Kf8 24. Ref1 Rh7 25. Rxb5 cxb5 26. Rf5 c5 27. Rxg5 Rh4 28. Rd5 Re4 29. h3 Ke7 30. Rd2 Re1+ 31. Kh2 Ra1 32. c3 Rc1 33. Re2+ Kf8 34. Re3 Rc2 35. a4 bxa4 36. bxa4 c4 37. Re4 Rxc3 38. Rd4 Ke7 39. Rd5 Rd3 40. Rxa5 c3 41. Ra7+ Kd8 42. a5 c2 43. Ra8+ Kc7 44. Ra7+ Kb8 45. Rxf7 c1Q 46. a6 Ra3 47. Rf8+ Ka7 48. Rf6 Qc3 49. Rf3 Qe5+ 50. Kg1 Rxf3 51. gxf3 Qg3+ 52. Kf1 Qxf3+ 53. Ke1 d5 54. Kd2 d4 55. h4 Qe3+ 56. Kc2 Qc3+ 57. Kb1 d3 58. h5 Qc2+ 59. Ka1 d2 60. h6 d1Q# 0-1

[Event "GEO World Cup-B U08 Girls"]
[Site "Batumi"]
[Date "2024.06.27"]
[Round "5"]
[White "Bissaliyeva, Alisha"]
[Black "Harshika, M."]
[Result "1-0"]
[WhiteElo "1437"]
[BlackElo "1433"]
[PlyCount "91"]
[EventDate "2024.06.23"]
[EventType "swiss"]
[EventRounds "7"]
[EventCountry "GEO"]
[SourceTitle "EXT 2025"]
[Source "ChessBase"]
[SourceDate "2024.10.14"]
[SourceVersion "1"]
[SourceVersionDate "2024.10.14"]
[SourceQuality "1"]

1. e4 c5 2. Nf3 d6 3. d4 cxd4 4. Qxd4 Nc6 5. Bb5 Bd7 6. Bxc6 Bxc6 7. c4 Nf6 8. Nc3 g6 9. 0-0 Bg7 10. Be3 0-0 11. Qd3 a6 12. Rad1 Qc7 13. Nd4 Bd7 14. f4 Rac8 15. Nd5 Nxd5 16. cxd5 e5 17. fxe5 dxe5 18. Ne2 Bb5 19. Qd2 Qc2 20. Rfe1 Qxe4 21. Nc3 Qf5 22. Bh6 Rfe8 23. Bxg7 Kxg7 24. b3 Rcd8 25. a4 Bd7 26. Rf1 Qh5 27. Ne4 Rf8 28. Qe3 Qh6 29. Qb6 f5 30. Nc5 Kh8 31. Ne6 Bxe6 32. dxe6 Rxd1 33. Rxd1 Re8 34. Qxb7 a5 35. Qf7 Rf8 36. Qd7 Qe3+ 37. Kh1 Qxb3 38. e7 Rb8 39. e8Q+ Rxe8 40. Qxe8+ Kg7 41. Qxe5+ Kh6 42. Qf4+ g5 43. Rd6+ Kh5 44. Qf3+ Qxf3 45. gxf3 Kh4 46. Rh6# 1-0